00490 a2200181 450000100060000002000150000604000240002110000250004524000280007024500230009830000070012136200090012844000120013765000310014994200070018095201040018799900170029170412 a8516019969 cAnchieta - Itaigara aStrausz, Rosa Amanda10aOs meninos-caracollpor10aOs meninos-caracol a270 a1998 1aModerna 4aLiteratura infanto-juvenil cBK 00104070a88.1b88.1d2023-11-21l0o028.5 STR MENp3791/ITAr2023-11-21 20:05:25w2023-11-21yBK c70412d70412